000 00498cam a2200181ua 4500
001 6667
008 140311n ii |||gr||||Z||||||eng
020 _a81-7096-200-5
040 _cMAIN
082 _a330.1543
245 _aBasic mathematics for commerce and economics
_cBy J.N. Patnaik
260 _aLudhiana:
_bKalyani publishers,
_c1999.
300 _ax,566p.
653 _aEconomics
653 _aBasic mathematics for commerce and economics
700 _aPatnaik,J.N.,
_eAuthor.
942 _cBK
999 _c5816
_d5816